Multi Hit Pokemon Moves - Statistics

General Stats
  • This quiz has been taken 35 times
  • The average score is 19 of 32
Answer Stats
Type Gen Move % Correct
Normal 1 Double Slap
93%
Rock 3 Rock Blast
89%
Grass 3 Bullet Seed
86%
Fighting 1 Double Kick
86%
Bug 1 Pin Missile
86%
Normal 4 Double Hit
82%
Fighting 2 Triple Kick
82%
Ice 3 Icicle Spear
79%
Fighting 3 Arm Thrust
75%
Dark 2 Beat Up
75%
Bug 1 Twineedle
75%
Water 6 Water Shuriken
75%
Normal 1 Fury Swipes
64%
Dragon 8 Dragon Darts
61%
Dragon 5 Dual Chop
61%
Dragon 8 Scale Shot
61%
Ground 1 Bonemerang
57%
Steel 7 Double Iron Bash
57%
Flying 8 Dual Wingbeat
57%
Normal 1 Fury Attack
57%
Ice 8 Triple Axel
57%
Normal 9 Population Bomb
54%
Ground 2 Bone Rush
46%
Steel 5 Gear Grind
46%
Normal 5 Tail Slap
46%
Water 8 Surging Strikes
43%
Water 9 Triple Dive
39%
Normal 1 Barrage
36%
Normal 1 Comet Punch
32%
Psychic 9 Twin Beam
32%
Normal 1 Spike Cannon
29%
Steel 9 Tachyon Cutter
29%
No matching quizzes found
Score Distribution
Percent of People with Each Score
Percentile by Number Answered
Your Score History
You have not taken this quiz